Bring me sunshine (Record no. 63106)
[ view plain ]
| 000 -LEADER | |
|---|---|
| fixed length control field | 00848cam a2200229 4500 |
| 001 - CONTROL NUMBER | |
| control field | WB3614-25 |
| 008 - FIXED-LENGTH DATA ELEMENTS--GENERAL INFORMATION | |
| fixed length control field | 000000n2000 000 0 eng u |
| 035 ## - SYSTEM CONTROL NUMBER | |
| System control number | (Sirsi) u105234 |
| 245 ## - TITLE STATEMENT | |
| Title | Bring me sunshine |
| 260 ## - PUBLICATION, DISTRIBUTION, ETC. | |
| Date of publication, distribution, etc. | 2000 |
| 490 ## - SERIES STATEMENT | |
| Series statement | Estates Gazette |
| Volume/sequential designation | (0013) 1 April 2000, 186(1) |
| 520 ## - SUMMARY, ETC. | |
| Summary, etc. | Discusses the case "Jones (Trading Standards Officer) v Jones & Jones Ltd" in which it was found that the Property Misdescriptions Act 1991 s1 could apply to a photograph of a property which was 'statistically implausible' in terms of weather conditions. |
| 590 ## - LOCAL NOTE (RLIN) | |
| Local note | WB |
| 650 ## - SUBJECT ADDED ENTRY--TOPICAL TERM | |
| Topical term or geographic name entry element | PROPERTY MISDESCRIPTIONS ACT 1991 S1 |
| 650 ## - SUBJECT ADDED ENTRY--TOPICAL TERM | |
| Topical term or geographic name entry element | JONES (TRADING STANDARDS OFFICER) V JONES & JONES |
| 650 ## - SUBJECT ADDED ENTRY--TOPICAL TERM | |
| Topical term or geographic name entry element | WEATHER |
| 650 ## - SUBJECT ADDED ENTRY--TOPICAL TERM | |
| Topical term or geographic name entry element | MISLEADING PHOTOGRAPH |
| 650 ## - SUBJECT ADDED ENTRY--TOPICAL TERM | |
| Topical term or geographic name entry element | LIABILITY |
| 650 ## - SUBJECT ADDED ENTRY--TOPICAL TERM | |
| Topical term or geographic name entry element | DUE DILIGENCE |
| 690 ## - LOCAL SUBJECT ADDED ENTRY--TOPICAL TERM (OCLC, RLIN) | |
| Topical term or geographic name as entry element | PROPERTY |
| 942 ## - ADDED ENTRY ELEMENTS (KOHA) | |
| Suppress in OPAC | 0 |
| Withdrawn status | Lost status | Source of classification or shelving scheme | Damaged status | Not for loan | Home library | Current library | Shelving location | Date acquired | Total Checkouts | Full call number | Barcode | Date last seen | Copy number | Price effective from | Koha item type |
|---|---|---|---|---|---|---|---|---|---|---|---|---|---|---|---|
| Dewey Decimal Classification | London | London | News article | 05/04/2000 | WB3614-25 | 105234-1001 | 06/08/2019 | 1 | 06/08/2019 | News article |